Arquetipos animales - Estadísticas

Estadísticas generales
  • Esta prueba ha sido intentada 22 veces
  • La puntuación promedio es 11 de 12
Estadísticas de respuestas
Pregunta Respuesta % Correcto
Mensajera
100%
Charlatán
95%
Astuto
95%
Constructor
95%
Alpinista
95%
Comilón
95%
Trabajadora
95%
Sabio
95%
Tejedora
95%
Lento
95%
Tozudo
91%
Ladrona
82%
No se encontraron pruebas coincidentes
Distribución de puntuación
Porcentaje de gente con cada puntuación
Porcentaje por número respondido
Historial de tus puntuaciones
No has intentado esta prueba.